Welcome to the Holygrace Academy Library

Please use search bar below to get started

CHANDALABIKSHUKI (Record no. 4289)

MARC details
000 -LEADER
fixed length control field 00277nam a22001337a 4500
082 ## - DEWEY DECIMAL CLASSIFICATION NUMBER
Classification number 894.812.1
Item number KUM/C
100 ## - MAIN ENTRY--AUTHOR NAME
Personal name KUMARANASAN
245 ## - TITLE STATEMENT
Title CHANDALABIKSHUKI
260 ## - PUBLICATION, DISTRIBUTION, ETC. (IMPRINT)
Place of publication THRISSUR
Name of publisher CURRENT BOOKS
Year of publication 1998
300 ## - PHYSICAL DESCRIPTION
Number of Pages 72
520 ## - SUMMARY, ETC.
Summary, etc POETRY
650 ## - SUBJECT ADDED ENTRY--TOPICAL TERM
Topical Term POETRY
942 ## - ADDED ENTRY ELEMENTS (KOHA)
Koha item type Books
Holdings
Withdrawn status Lost status Collection code Home library Current library Shelving location Date acquired Source of acquisition Cost, normal purchase price Full call number Accession Number Koha item type
    Non-fiction Main Library Main Library SHELF-16H-MALAYALAM POEMS 28/03/2003 Purchase 18.00 894.812.1 KUM/C 01057 Books